[Event "I HSL seniorke 2019"]
[Site "Mali Lošinj"]
[Date "2019.09.30"]
[Round "4.51"]
[White "Eric, Jovana"]
[Black "Janzelj, Lara"]
[Result "1-0"]
[WhiteElo "2270"]
[BlackElo "2159"]
[PlyCount "85"]
[EventDate "2019.09.28"]
[WhiteTeam "ŠK Đakovo-Lim-Mont, Đakovo"]
[BlackTeam "ŠŠK Konaki, Novo Virje"]

1. e4 d6 2. d4 Nf6 3. Nc3 e5 4. Nf3 Nbd7 5. Rg1 c6 6. g4 h6 7. Be3 Qa5 8. Qd2
exd4 9. Nxd4 Ne5 10. O-O-O Bxg4 11. Be2 Bxe2 12. Qxe2 O-O-O 13. f4 Ng6 14. Nb3
Qa6 15. Qf2 Re8 16. e5 dxe5 17. fxe5 Nxe5 18. Bxa7 Nfd7 19. Bd4 Qc4 20. Na5 Qb4
21. Nb3 Qc4 22. Rge1 f6 23. Re4 Qe6 24. Na4 Bd6 25. Nb6+ Nxb6 26. Bxb6 Bc7 27.
Ra4 Bb8 28. Ra8 Nd7 29. Nc5 Nxc5 30. Qxc5 Qe5 31. Qa3 Re7 32. Qd3 Qd5 33. Qa3
Qe5 34. c4 Rd7 35. Qh3 Qf4+ 36. Kb1 Qe4+ 37. Ka1 Qe7 38. Rxb8+ Kxb8 39. Qxd7
Qxd7 40. Rxd7 Re8 41. Kb1 Kc8 42. Rc7+ Kb8 43. Rxg7 1-0

[Event "I HSL seniorke 2019"]
[Site "Mali Lošinj"]
[Date "2019.09.30"]
[Round "4.52"]
[White "Svaljek, Radmila"]
[Black "Sulc, Gordana"]
[Result "1/2-1/2"]
[WhiteElo "1950"]
[BlackElo "1882"]
[PlyCount "113"]
[EventDate "2019.09.28"]
[WhiteTeam "ŠŠK Konaki, Novo Virje"]
[BlackTeam "ŠK Đakovo-Lim-Mont, Đakovo"]

1. d4 Nf6 2. Nf3 b6 3. Bg5 Ne4 4. Bh4 c5 5. e3 g6 6. c3 Bb7 7. Nbd2 Nxd2 8.
Nxd2 Bg7 9. dxc5 bxc5 10. Qb3 Qc8 11. Nc4 Nc6 12. Be2 d5 13. Nd2 O-O 14. O-O a5
15. a4 e5 16. Qa3 f6 17. Qxc5 Qe6 18. c4 d4 19. Bf3 Nd8 20. Bd5 Bxd5 21. cxd5
Qg4 22. Bg3 Qe2 23. Rad1 dxe3 24. fxe3 Bh6 25. Bf2 Rb8 26. b3 Nb7 27. Qb6 Rf7
28. Rfe1 Qg4 29. Rc1 Rd8 30. Rc4 Qd7 31. Ne4 Bg7 32. Rd1 f5 33. Nc5 Nxc5 34.
Qxc5 Ra8 35. e4 fxe4 36. Qc6 Qd8 37. Qe6 Qd7 38. Qc6 Rb8 39. Qxd7 Rxd7 40. d6
Rxb3 41. Bh4 Rd3 42. Rf1 h5 43. Be7 R3xd6 44. Bxd6 Rxd6 45. Rxe4 Rd4 46. Rxd4
exd4 47. Rf3 Bf8 48. Kf1 Bb4 49. Ke2 Kg7 50. Kd3 Bc3 51. Ke4 Bb2 52. Kd5 g5 53.
Kc4 Kg6 54. Rf8 Bc3 55. h3 g4 56. Kd3 gxh3 57. gxh3 1/2-1/2

[Event "I HSL seniorke 2019"]
[Site "Mali Lošinj"]
[Date "2019.09.30"]
[Round "4.53"]
[White "Mican, Karmela"]
[Black "Radikovic, Anamarija"]
[Result "1/2-1/2"]
[WhiteElo "1885"]
[BlackElo "1929"]
[PlyCount "59"]
[EventDate "2019.09.28"]
[WhiteTeam "ŠK Đakovo-Lim-Mont, Đakovo"]
[BlackTeam "ŠŠK Konaki, Novo Virje"]

1. e4 c5 2. Nf3 d6 3. d4 cxd4 4. Nxd4 Nf6 5. Nc3 a6 6. Be2 e5 7. Nb3 Be7 8. O-O
O-O 9. Kh1 Be6 10. f4 exf4 11. Bxf4 Nc6 12. Qe1 Ne5 13. Rd1 Qc7 14. Nd4 Ng6 15.
Bg5 h6 16. Be3 b5 17. a3 Rad8 18. Qg3 Kh7 19. h4 Ne5 20. h5 Nc4 21. Bc1 Qc5 22.
Rf5 Qc8 23. Rdf1 Rg8 24. R5f2 Ne5 25. Nf5 Bxf5 26. Rxf5 Qe6 27. Be3 Nc4 28. Bc1
Ne5 29. Be3 Nc4 30. Bc1 1/2-1/2

[Event "I HSL seniorke 2019"]
[Site "Mali Lošinj"]
[Date "2019.09.30"]
[Round "4.54"]
[White "Koksa, Jelena"]
[Black "Ascic, Josipa"]
[Result "1/2-1/2"]
[WhiteElo "1832"]
[BlackElo "1692"]
[PlyCount "82"]
[EventDate "2019.09.28"]
[WhiteTeam "ŠŠK Konaki, Novo Virje"]
[BlackTeam "ŠK Đakovo-Lim-Mont, Đakovo"]

1. e4 c5 2. Nf3 Nc6 3. d4 cxd4 4. Nxd4 e5 5. Nb5 d6 6. N1c3 a6 7. Na3 Nf6 8.
Bg5 Be7 9. Bxf6 Bxf6 10. Nd5 b5 11. c3 O-O 12. Qd3 Bb7 13. Rd1 Bg5 14. h4 Bh6
15. Nc2 Re8 16. Nce3 Bxe3 17. Nxe3 Ne7 18. f3 Qa5 19. Qxd6 Qxa2 20. Qd2 Qa5 21.
Be2 Rad8 22. Qc2 Rxd1+ 23. Bxd1 Qb6 24. Qf2 Rd8 25. Bc2 Qd6 26. O-O Qd2 27. Rd1
Qxf2+ 28. Kxf2 Rxd1 29. Bxd1 a5 30. Be2 Bc6 31. g3 f6 32. Bd1 Kf8 33. Bc2 Ke8
34. Bd3 Kd7 35. Nc2 Nc8 36. Ke3 Nb6 37. b4 axb4 38. Nxb4 Nc4+ 39. Ke2 Bb7 40.
Nc2 Ba6 41. Nb4 Bb7 1/2-1/2

[Event "I HSL seniorke 2019"]
[Site "Mali Lošinj"]
[Date "2019.10.01"]
[Round "5.11"]
[White "Janzelj, Lara"]
[Black "Cvitan, Ena"]
[Result "0-1"]
[WhiteElo "2159"]
[BlackElo "2182"]
[PlyCount "88"]
[EventDate "2019.09.28"]
[WhiteTeam "ŠŠK Konaki, Novo Virje"]
[BlackTeam "ŠK Draga, Rijeka"]

1. c4 e6 2. g3 d5 3. Bg2 Nf6 4. Nf3 dxc4 5. Na3 Bxa3 6. bxa3 b5 7. Ne5 Nd5 8.
d4 Bb7 9. O-O O-O 10. Qc2 Nd7 11. Rb1 Nxe5 12. dxe5 Bc6 13. Rd1 Qe7 14. Be4 h6
15. Rd4 f6 16. Bh7+ Kh8 17. Rh4 fxe5 18. Bg6 Qf6 19. f3 Nf4 20. Be4 Bxe4 21.
Qxe4 Nd5 22. Qc2 a6 23. a4 Qf5 24. Qxf5 exf5 25. axb5 Nc3 26. Rb2 axb5 27. Rc2
Nxa2 28. Bb2 Nb4 29. Rc1 Nc6 30. f4 Nd4 31. Kf2 Ra2 32. Rb1 c3 33. Bxc3 Nxe2
34. Bb4 Nc3+ 35. Kf1 Nxb1 36. Bxf8 e4 37. Rh5 Nd2+ 38. Ke2 Nc4+ 39. Ke1 Ra1+
40. Ke2 Ra2+ 41. Ke1 Ne3 42. Bc5 Ng2+ 43. Kd1 e3 44. Kc1 e2 0-1

[Event "I HSL seniorke 2019"]
[Site "Mali Lošinj"]
[Date "2019.10.01"]
[Round "5.12"]
[White "Djukic, Sandra"]
[Black "Svaljek, Radmila"]
[Result "1-0"]
[WhiteElo "2179"]
[BlackElo "1950"]
[PlyCount "71"]
[EventDate "2019.09.28"]
[WhiteTeam "ŠK Draga, Rijeka"]
[BlackTeam "ŠŠK Konaki, Novo Virje"]

1. d4 d5 2. c4 e6 3. Nf3 Nf6 4. Nc3 c6 5. Bg5 Nbd7 6. e3 Bd6 7. Qc2 h6 8. Bh4
O-O 9. cxd5 exd5 10. Bd3 Re8 11. O-O Qc7 12. Bf5 a5 13. Rac1 Qb8 14. Rfe1 Bb4
15. Nd2 Bd6 16. Nf1 g5 17. Bg3 Bxg3 18. Nxg3 Qd6 19. Rcd1 Qf8 20. e4 dxe4 21.
Ngxe4 Kg7 22. Re3 Nd5 23. Rg3 Qe7 24. h4 f6 25. Nxd5 cxd5 26. Nc3 Qd6 27. Nb5
Qb4 28. Nc7 Re1+ 29. Rxe1 Qxe1+ 30. Kh2 Rb8 31. Nxd5 Qe8 32. Re3 Qh5 33. g4
Qxh4+ 34. Kg2 Nf8 35. Rh3 Bxf5 36. Qxf5 1-0

[Event "I HSL seniorke 2019"]
[Site "Mali Lošinj"]
[Date "2019.10.01"]
[Round "5.13"]
[White "Radikovic, Anamarija"]
[Black "Berke, Ana"]
[Result "1-0"]
[WhiteElo "1929"]
[BlackElo "2060"]
[PlyCount "81"]
[EventDate "2019.09.28"]
[WhiteTeam "ŠŠK Konaki, Novo Virje"]
[BlackTeam "ŠK Draga, Rijeka"]

1. d4 d5 2. c4 e6 3. Nc3 a6 4. cxd5 exd5 5. Nf3 c6 6. Bf4 Bd6 7. Bxd6 Qxd6 8.
e3 Ne7 9. Bd3 Bf5 10. O-O O-O 11. Bxf5 Nxf5 12. Qc2 Qe6 13. Qb3 Nd7 14. Rac1
Nd6 15. Rfe1 Rae8 16. Ne2 f5 17. Nf4 Qf6 18. Nd3 g5 19. Nfe5 Re7 20. Nxc6 bxc6
21. Rxc6 Qe6 22. Nc5 Qf7 23. Rxd6 Nf6 24. Rf1 f4 25. exf4 gxf4 26. Nd3 Kh8 27.
Ne5 Qg7 28. Qh3 Rg8 29. Rc1 Qg5 30. Nf3 Qg7 31. Rc8 Ne8 32. Rxd5 Qg6 33. Rc1
Re2 34. Rg5 Qe4 35. Rxg8+ Kxg8 36. Qg4+ Kf8 37. h3 Nf6 38. Qg5 Qg6 39. Qc5+ Kg7
40. Qc7+ Kg8 41. Qc4+ 1-0

[Event "I HSL seniorke 2019"]
[Site "Mali Lošinj"]
[Date "2019.10.01"]
[Round "5.14"]
[White "Bogdanic, Katarina"]
[Black "Koksa, Jelena"]
[Result "1/2-1/2"]
[WhiteElo "1899"]
[BlackElo "1832"]
[PlyCount "119"]
[EventDate "2019.09.28"]
[WhiteTeam "ŠK Draga, Rijeka"]
[BlackTeam "ŠŠK Konaki, Novo Virje"]

1. Nf3 d5 2. c4 d4 3. d3 c5 4. g3 Nc6 5. Bg2 Nf6 6. O-O e5 7. Na3 Be7 8. Nc2
O-O 9. e3 Bf5 10. exd4 exd4 11. Re1 Qc7 12. b4 a5 13. bxc5 Bxc5 14. Bf4 Qd7 15.
Ne5 Nxe5 16. Bxe5 Rae8 17. Qf3 b6 18. Bxf6 gxf6 19. g4 Bxg4 20. Qxf6 Qf5 21.
Qh4 Qg6 22. Kh1 Kh8 23. Qg3 Bf5 24. Bf1 Qh6 25. Rxe8 Rxe8 26. Re1 Rxe1 27. Nxe1
Bd6 28. Qg2 Bc8 29. f3 Bb7 30. Qf2 f6 31. Qe2 Bc6 32. Qf2 Bf4 33. Be2 Be5 34.
Bf1 Ba4 35. Nc2 Qc1 36. Ne1 Qf4 37. Be2 Qd2 38. Kg2 Bf4 39. Kf1 Be5 40. Qg2 Bd7
41. f4 Qxf4+ 42. Kg1 Qe3+ 43. Kh1 Qc1 44. Qa8+ Kg7 45. Qg2+ Kf8 46. Qg1 Bc6+
47. Bf3 Bxf3+ 48. Nxf3 Qxg1+ 49. Kxg1 Ke7 50. Kg2 Kd6 51. Nxe5 Kxe5 52. Kf3 f5
53. h3 h5 54. Kg3 a4 55. a3 f4+ 56. Kf3 Kf5 57. h4 Ke5 58. Ke2 Kf6 59. Kf2 Kf5
60. Kf3 1/2-1/2

[Event "I HSL seniorke 2019"]
[Site "Mali Lošinj"]
[Date "2019.10.01"]
[Round "5.31"]
[White "Havanecz, Bianka"]
[Black "Ivekovic, Ana"]
[Result "1/2-1/2"]
[WhiteElo "2279"]
[BlackElo "2054"]
[PlyCount "117"]
[EventDate "2019.09.28"]
[WhiteTeam "HAŠK Mladost, Zagreb"]
[BlackTeam "ŠD Sisak, Sisak"]

1. d4 Nf6 2. c4 e6 3. Nf3 Bb4+ 4. Nbd2 d6 5. a3 Bxd2+ 6. Bxd2 Ne4 7. Bc1 O-O 8.
e3 Nd7 9. Bd3 Nef6 10. O-O e5 11. Bc2 Re8 12. b4 c6 13. dxe5 Nxe5 14. Nxe5 dxe5
15. Qxd8 Rxd8 16. Bb2 Be6 17. c5 Rd2 18. Rac1 Bf5 19. Bxf5 Rxb2 20. Rb1 Rxb1
21. Rxb1 Rd8 22. g3 g6 23. Bh3 Rd3 24. Bc8 b6 25. cxb6 axb6 26. Rc1 Rxa3 27.
Rxc6 Nd5 28. b5 Rc3 29. Rd6 Rxc8 30. Rxd5 Re8 31. e4 h5 32. Kg2 Kf8 33. Kf3 Re6
34. Ke3 Ke7 35. f4 f6 36. Rd2 g5 37. f5 Rd6 38. Ra2 Kf7 39. Ra7+ Kg8 40. Rb7
Kf8 41. h4 gxh4 42. gxh4 Ke8 43. Rh7 Kf8 44. Rb7 Ke8 45. Rc7 Kf8 46. Rh7 Kg8
47. Rc7 Kf8 48. Rc1 Ke7 49. Rc8 Rd8 50. Rc7+ Rd7 51. Rc1 Rd6 52. Ra1 Ke8 53.
Ra7 Rd7 54. Ra8+ Rd8 55. Rxd8+ Kxd8 56. Kd3 Kd7 57. Kc3 Kc7 58. Kb4 Kd7 59. Kc4
1/2-1/2

[Event "I HSL seniorke 2019"]
[Site "Mali Lošinj"]
[Date "2019.10.01"]
[Round "5.32"]
[White "Kuhar, Larisa"]
[Black "Blazeka, Mihaela"]
[Result "1-0"]
[WhiteElo "1998"]
[BlackElo "2092"]
[PlyCount "93"]
[EventDate "2019.09.28"]
[WhiteTeam "ŠD Sisak, Sisak"]
[BlackTeam "HAŠK Mladost, Zagreb"]

1. e4 e5 2. Nf3 Nc6 3. d4 exd4 4. Nxd4 Bb4+ 5. c3 Bc5 6. Nxc6 bxc6 7. Qf3 Qf6
8. Be3 Bb6 9. Nd2 Qxf3 10. gxf3 Nf6 11. Rg1 Bxe3 12. fxe3 O-O 13. Nb3 Re8 14.
O-O-O d5 15. exd5 cxd5 16. e4 c6 17. exd5 Nxd5 18. Nd4 Ne3 19. Re1 Bb7 20. Nb3
Nxf1 21. Rgxf1 Ba6 22. Rg1 Bc4 23. Nc5 Bd5 24. f4 f6 25. b3 g6 26. c4 Bf3 27.
Ne6 Kf7 28. f5 Re7 29. Re3 Bh5 30. Rge1 Ree8 31. Rd3 Re7 32. Kd2 Rc8 33. Rd8
Rxd8+ 34. Nxd8+ Ke8 35. Rxe7+ Kxe7 36. Nxc6+ Kd6 37. fxg6 hxg6 38. Nxa7 f5 39.
b4 f4 40. c5+ Kc7 41. b5 Bf3 42. a4 Kb7 43. b6 Ka6 44. h4 Ka5 45. Nc8 Kxa4 46.
Nd6 Kb4 47. b7 1-0

[Event "I HSL seniorke 2019"]
[Site "Mali Lošinj"]
[Date "2019.10.01"]
[Round "5.33"]
[White "Ljikar, Tamara"]
[Black "Ivekovic, Zvjezdana"]
[Result "1-0"]
[WhiteElo "1917"]
[BlackElo "1779"]
[PlyCount "65"]
[EventDate "2019.09.28"]
[WhiteTeam "HAŠK Mladost, Zagreb"]
[BlackTeam "ŠD Sisak, Sisak"]

1. e4 e5 2. Bc4 Nf6 3. d3 Nc6 4. Nf3 Bc5 5. c3 d6 6. O-O O-O 7. a4 a6 8. Re1
Ba7 9. Nbd2 Ne7 10. Nf1 Ng6 11. Be3 c6 12. Bb3 Be6 13. Bxa7 Rxa7 14. d4 Bxb3
15. Qxb3 exd4 16. Nxd4 Re8 17. Ng3 Ne5 18. Rad1 c5 19. Ndf5 c4 20. Qa3 Nd3 21.
Qxd6 Qxd6 22. Nxd6 Re6 23. e5 Nxe1 24. exf6 gxf6 25. Nxc4 b5 26. Ne3 Rxe3 27.
fxe3 Nc2 28. Nf5 Ra8 29. Rc1 Nxe3 30. Nxe3 bxa4 31. Ra1 Rb8 32. Nc4 Rc8 33.
Rxa4 1-0

[Event "I HSL seniorke 2019"]
[Site "Mali Lošinj"]
[Date "2019.10.01"]
[Round "5.34"]
[White "Turk, Vesna"]
[Black "Blazeka, Ivana"]
[Result "1-0"]
[WhiteElo "1694"]
[BlackElo "1564"]
[PlyCount "127"]
[EventDate "2019.09.28"]
[WhiteTeam "ŠD Sisak, Sisak"]
[BlackTeam "HAŠK Mladost, Zagreb"]

1. d4 d5 2. Nf3 Nf6 3. Bg5 e6 4. e3 Be7 5. c4 h6 6. Bh4 O-O 7. Nbd2 b6 8. Be2
dxc4 9. Bxc4 Bb7 10. O-O Nbd7 11. Rc1 c5 12. Qe2 cxd4 13. Nxd4 Nc5 14. Rfd1
Nfe4 15. Bxe7 Qxe7 16. Nxe4 Nxe4 17. Ba6 Bxa6 18. Qxa6 Nc5 19. Qa3 Qb7 20. Nb5
Qe7 21. h3 a6 22. Nd4 Qg5 23. Nf3 Qf6 24. Rd6 Rfb8 25. Qb4 a5 26. Qb5 a4 27.
Rxb6 Rxb6 28. Qxb6 Nd3 29. Rc2 Qf5 30. Rd2 Qc5 31. Qxc5 Nxc5 32. Rd4 Rb8 33.
Rd2 Ne4 34. Rc2 Kf8 35. Kf1 Ke7 36. Ne5 Ke8 37. Ke2 f6 38. Nd3 Kd7 39. Rc4 f5
40. Rxa4 Kd6 41. Rd4+ Ke7 42. a4 Ra8 43. Rb4 Kd6 44. b3 Nc3+ 45. Ke1 e5 46.
Rb6+ Kc7 47. Rb4 Kd6 48. Rc4 Nd5 49. Nb4 Ne7 50. Kd2 Rb8 51. Kc2 Ra8 52. Nd3
Nd5 53. Kb2 Nb6 54. Rb4 Nd5 55. Rb7 g6 56. Nb4 Nc7 57. Rb6+ Kc5 58. Rc6+ Kxb4
59. Rxc7 Rd8 60. Rc4+ Ka5 61. Rc5+ Kb6 62. b4 Rd2+ 63. Rc2 Rd7 64. Kb3 1-0

[Event "I HSL seniorke 2019"]
[Site "Mali Lošinj"]
[Date "2019.10.01"]
[Round "5.41"]
[White "Repkova, Eva"]
[Black "Smetisko, Marija"]
[Result "1-0"]
[WhiteElo "2315"]
[BlackElo "1845"]
[PlyCount "41"]
[EventDate "2019.09.28"]
[WhiteTeam "ŠK Polet, Buševec"]
[BlackTeam "ŠK Ericsson Nikola Tesla, Zagreb"]

1. e4 e5 2. Nf3 Nc6 3. Bc4 Bc5 4. O-O d6 5. c3 Nf6 6. d3 h6 7. Nbd2 O-O 8. h3
d5 9. exd5 Nxd5 10. Re1 Re8 11. d4 Bb6 12. Nxe5 Nxe5 13. dxe5 Nf4 14. Qf3 Qh4
15. Ne4 Ne6 16. g3 Qe7 17. Qh5 Nf8 18. Bxh6 Qxe5 19. Bxf7+ Kh8 20. Bg5+ Nh7 21.
Bg6 1-0

[Event "I HSL seniorke 2019"]
[Site "Mali Lošinj"]
[Date "2019.10.01"]
[Round "5.42"]
[White "Vodopija, Irina"]
[Black "Medic, Mirjana"]
[Result "0-1"]
[WhiteElo "1704"]
[BlackElo "2186"]
[PlyCount "70"]
[EventDate "2019.09.28"]
[WhiteTeam "ŠK Ericsson Nikola Tesla, Zagreb"]
[BlackTeam "ŠK Polet, Buševec"]

1. d4 d5 2. Nf3 Nf6 3. Bf4 c5 4. c3 Qb6 5. Qb3 Nc6 6. e3 c4 7. Qc2 Bf5 8. Qc1
h6 9. h3 e6 10. Be2 Be7 11. O-O O-O 12. Nbd2 Qd8 13. Ne5 Nxe5 14. Bxe5 b5 15.
a3 a5 16. f3 Bg6 17. Bxf6 Bxf6 18. e4 Qb6 19. e5 Bxe5 20. f4 Bd6 21. Qe1 Qc7
22. Qf2 f6 23. Qg3 Bf7 24. Rae1 e5 25. fxe5 fxe5 26. dxe5 Bxe5 27. Qg4 Rae8 28.
Rf5 Qb6+ 29. Kh1 Be6 30. Rxf8+ Rxf8 31. Qg6 Bf6 32. Rf1 Qe3 33. Bd1 Qxd2 34.
Bc2 Qg5 35. Rxf6 Qxf6 0-1

[Event "I HSL seniorke 2019"]
[Site "Mali Lošinj"]
[Date "2019.10.01"]
[Round "5.43"]
[White "Roklicer, Heike"]
[Black "Samardzic, Ana"]
[Result "1-0"]
[WhiteElo "2032"]
[BlackElo "1618"]
[PlyCount "107"]
[EventDate "2019.09.28"]
[WhiteTeam "ŠK Polet, Buševec"]
[BlackTeam "ŠK Ericsson Nikola Tesla, Zagreb"]

1. d4 d5 2. c4 dxc4 3. Nf3 c6 4. e3 b5 5. a4 e6 6. Nc3 Bb4 7. Ne5 Bxc3+ 8. bxc3
Bb7 9. Qf3 Qc7 10. Ba3 Nf6 11. Qg3 Rg8 12. Be2 Na6 13. Bf3 Rb8 14. O-O Rd8 15.
Rfb1 Nd5 16. Bxd5 cxd5 17. axb5 Nb8 18. Bb4 Nd7 19. f4 Nxe5 20. fxe5 Ra8 21.
Bd6 Qd7 22. Bc5 g5 23. Rxa7 Rxa7 24. Bxa7 h5 25. Qf3 h4 26. Qf6 Qe7 27. Qxe7+
Kxe7 28. Bc5+ Kd7 29. Rf1 Rg7 30. h3 Kc7 31. Rf6 Bc8 32. Kf2 Bd7 33. b6+ Kb7
34. Rh6 Rg8 35. Rh7 Be8 36. Kf3 Kc6 37. Rh6 Kb7 38. Rf6 Rg7 39. Kg4 Ka8 40. Rh6
Rg8 41. Rh5 Ba4 42. Rxg5 Rh8 43. Kf3 Bc2 44. g3 hxg3 45. Kxg3 Bf5 46. h4 Bg6
47. Rg4 Bf5 48. Rf4 Rg8+ 49. Kh2 Rh8 50. Rf1 Rxh4+ 51. Kg3 Rh3+ 52. Kf4 Rh4+
53. Kg5 Rg4+ 54. Kf6 1-0

[Event "I HSL seniorke 2019"]
[Site "Mali Lošinj"]
[Date "2019.10.01"]
[Round "5.44"]
[White "Alaber, Maja"]
[Black "Dejanovic, Tereza"]
[Result "0-1"]
[WhiteElo "1494"]
[BlackElo "1854"]
[PlyCount "66"]
[EventDate "2019.09.28"]
[WhiteTeam "ŠK Ericsson Nikola Tesla, Zagreb"]
[BlackTeam "ŠK Polet, Buševec"]

1. e4 c5 2. Nc3 Nc6 3. g3 g6 4. Bg2 Bg7 5. Nge2 d6 6. O-O e6 7. d3 Nge7 8. Be3
O-O 9. d4 cxd4 10. Nxd4 a6 11. f4 Qb6 12. Nf5 Qxb2 13. Nxe7+ Nxe7 14. Bd4 Bxd4+
15. Qxd4 Nc6 16. Qc4 Qxc2 17. Rf2 d5 18. exd5 exd5 19. Bxd5 Qf5 20. Bxc6 bxc6
21. Qxc6 Be6 22. Ne2 Bd5 23. Qa4 Rac8 24. Qxa6 Qe4 25. Kf1 Qh1+ 26. Ng1 Bc4+
27. Qxc4 Rxc4 28. Rg2 Rfc8 29. a4 Rc1+ 30. Rxc1 Rxc1+ 31. Kf2 Rc2+ 32. Ne2
Rxe2+ 33. Kxe2 Qxg2+ 0-1

[Event "I HSL seniorke 2019"]
[Site "Mali Lošinj"]
[Date "2019.10.01"]
[Round "5.51"]
[White "Dasic, Jelena"]
[Black "Salimova, Nurgyul"]
[Result "0-1"]
[WhiteElo "1768"]
[BlackElo "2425"]
[PlyCount "70"]
[EventDate "2019.09.28"]
[WhiteTeam "ŠK Kastav, Kastav"]
[BlackTeam "ŠK Liburnija, Rijeka"]

1. d4 g6 2. Bf4 Bg7 3. c3 Nf6 4. Nd2 O-O 5. e4 d6 6. Ngf3 Nc6 7. h3 Qe8 8. Be3
e5 9. d5 Ne7 10. Be2 Nh5 11. Nh2 Nf4 12. Bxf4 exf4 13. O-O f5 14. Re1 Qf7 15.
Nhf3 h6 16. Bc4 fxe4 17. Nxe4 Nf5 18. Rc1 Bd7 19. b4 Rae8 20. Bb3 Re7 21. Qd2
Rfe8 22. Bc2 g5 23. c4 Bb2 24. Rb1 Be5 25. c5 Qg7 26. Rb3 Kh8 27. b5 g4 28.
Nxe5 dxe5 29. hxg4 Nd4 30. d6 cxd6 31. Nxd6 Rg8 32. Rh3 Bxg4 33. Qd3 Bxh3 34.
Qxh3 Nxc2 35. Nf5 Qxg2+ 0-1

[Event "I HSL seniorke 2019"]
[Site "Mali Lošinj"]
[Date "2019.10.01"]
[Round "5.52"]
[White "Spiranec, Noemi"]
[Black "Vujic, Agata"]
[Result "1/2-1/2"]
[WhiteElo "2084"]
[BlackElo "1714"]
[PlyCount "91"]
[EventDate "2019.09.28"]
[WhiteTeam "ŠK Liburnija, Rijeka"]
[BlackTeam "ŠK Kastav, Kastav"]

1. d4 d5 2. c4 dxc4 3. Nf3 Nf6 4. e3 e6 5. Bxc4 a6 6. O-O b5 7. Bd3 Bb7 8. a4
b4 9. Nbd2 Nbd7 10. e4 c5 11. e5 Nd5 12. Nc4 cxd4 13. Nxd4 Bc5 14. Nf3 N5b6 15.
Bf4 O-O 16. Bxh7+ Kxh7 17. Ng5+ Kg6 18. Qd3+ f5 19. exf6+ Kxf6 20. Nh7+ Kf7 21.
Nxf8 Nxf8 22. Qxd8 Rxd8 23. Bc7 Nxc4 24. Bxd8 Nxb2 25. a5 Nc4 26. Rfc1 Bd5 27.
Bb6 Be7 28. Rab1 Nd7 29. Bc7 Nde5 30. Bxe5 Nxe5 31. Rc7 Kf6 32. Rxe7 Kxe7 33.
Rxb4 Nc4 34. h4 g6 35. g4 Kd6 36. f4 e5 37. fxe5+ Kxe5 38. h5 gxh5 39. gxh5 Kf5
40. Rb8 Kg5 41. Rh8 Nxa5 42. h6 Be4 43. h7 Kh6 44. Ra8 Kxh7 45. Rxa6 Nc6 46.
Rxc6 1/2-1/2

[Event "I HSL seniorke 2019"]
[Site "Mali Lošinj"]
[Date "2019.10.01"]
[Round "5.53"]
[White "Okanovic, Jasmina"]
[Black "Ivekovic, Tihana"]
[Result "0-1"]
[WhiteElo "1633"]
[BlackElo "2131"]
[PlyCount "108"]
[EventDate "2019.09.28"]
[WhiteTeam "ŠK Kastav, Kastav"]
[BlackTeam "ŠK Liburnija, Rijeka"]

1. d4 d5 2. Bf4 Nf6 3. e3 c5 4. c3 Nc6 5. Nd2 Bf5 6. a3 e6 7. Ngf3 Bd6 8. Bg5
Qc7 9. dxc5 Bxc5 10. Nd4 Bg6 11. Be2 Ne4 12. Bh4 a6 13. Bg3 Nxg3 14. hxg3 Bd6
15. Nf1 Rd8 16. Bd3 Bxd3 17. Qxd3 g6 18. Rd1 Ne5 19. Qe2 O-O 20. Nd2 b5 21.
N2f3 Nxf3+ 22. Qxf3 Rfe8 23. Qg4 f6 24. Nxe6 Qd7 25. Qh3 Rxe6 26. Rxd5 Re7 27.
Qh4 Qe6 28. Rd4 Red7 29. Rg4 f5 30. Rd4 Qe7 31. Qh3 Be5 32. Rxd7 Qxd7 33. O-O
Qd2 34. Qh4 Rd6 35. Qe7 Bf6 36. Qc7 Bd8 37. Qc5 Qd5 38. Qc8 Qc4 39. Qb8 Rd2 40.
Qe5 Qd5 41. Qe8+ Kg7 42. Rb1 Rc2 43. a4 Rd2 44. b3 Bf6 45. c4 Qd3 46. Rf1 bxc4
47. bxc4 Qxc4 48. Rb1 Qe2 49. Rf1 h5 50. Qc6 Bb2 51. Qc7+ Kh6 52. Qf4+ Kh7 53.
Qc7+ Bg7 54. Qc6 Rd1 0-1

[Event "I HSL seniorke 2019"]
[Site "Mali Losinj"]
[Date "2019.10.02"]
[Round "6.11"]
[White "Cvitan, Ena"]
[Black "Salimova, Nurgyul"]
[Result "1-0"]
[WhiteElo "2182"]
[BlackElo "2425"]
[PlyCount "83"]
[EventDate "2019.09.28"]
[WhiteTeam "ŠK Draga, Rijeka"]
[BlackTeam "ŠK Liburnija, Rijeka"]

1. d4 c5 2. d5 Nf6 3. Nc3 g6 4. e4 d6 5. Nf3 Bg7 6. Bb5+ Bd7 7. a4 O-O 8. O-O
Bg4 9. h3 Bxf3 10. Qxf3 a6 11. Bc4 Nbd7 12. Qd1 b5 13. axb5 Nb6 14. Be2 axb5
15. Rxa8 Qxa8 16. Bxb5 Qa5 17. Bd3 Rb8 18. Re1 Nfd7 19. Bf1 Bxc3 20. bxc3 Qxc3
21. Re3 Qg7 22. c4 Ne5 23. Rb3 Qf8 24. Qc2 f6 25. Be2 Nbd7 26. f4 Nf7 27. Bg4
Rxb3 28. Qxb3 Qb8 29. Qb5 Qxb5 30. cxb5 f5 31. exf5 Nb6 32. fxg6 hxg6 33. Bd2
Nc4 34. Bc3 Kf8 35. Bd7 Nd8 36. g4 Nb6 37. Bc6 c4 38. Ba5 Nxc6 39. dxc6 Nc8 40.
b6 Nxb6 41. Bxb6 c3 42. c7 1-0

[Event "I HSL seniorke 2019"]
[Site "Mali Losinj"]
[Date "2019.10.02"]
[Round "6.21"]
[White "Smetisko, Marija"]
[Black "Lukenda, Tina"]
[Result "1-0"]
[WhiteElo "1845"]
[BlackElo "2047"]
[PlyCount "87"]
[EventDate "2019.09.28"]
[WhiteTeam "ŠK Ericsson Nikola Tesla, Zagreb"]
[BlackTeam "ŠK Kastav, Kastav"]

1. e4 c6 2. d4 d5 3. Nc3 dxe4 4. Nxe4 Nf6 5. Ng3 Qc7 6. Bc4 e6 7. Nf3 Bd6 8.
Bg5 Nbd7 9. Nd2 h6 10. Be3 b6 11. Nde4 Be7 12. Qf3 Nd5 13. Nh5 Rg8 14. O-O Bb7
15. a4 c5 16. dxc5 bxc5 17. Bd2 a6 18. Qg4 Ne5 19. Qe2 Nxc4 20. Qxc4 Nb6 21.
Qe2 Qc6 22. f3 Nd5 23. c4 Nb4 24. Bc3 O-O-O 25. b3 g6 26. Nhf6 Rgf8 27. Nh7 Rg8
28. Nef6 Rh8 29. Nd5 exd5 30. Bxh8 Rxh8 31. Qxe7 Rxh7 32. Qf8+ Kc7 33. Qg8 Nc2
34. Ra2 Qf6 35. Qxh7 Ne3 36. Re1 d4 37. Qxh6 Qf5 38. Rd2 Kb6 39. Qf8 Qg5 40.
Qd6+ Ka7 41. h4 Qf5 42. a5 Qc8 43. Qb6+ Kb8 44. Rxe3 1-0

[Event "I HSL seniorke 2019"]
[Site "Mali Losinj"]
[Date "2019.10.02"]
[Round "6.22"]
[White "Dasic, Jelena"]
[Black "Vodopija, Irina"]
[Result "0-1"]
[WhiteElo "1768"]
[BlackElo "1704"]
[PlyCount "152"]
[EventDate "2019.09.28"]
[WhiteTeam "ŠK Kastav, Kastav"]
[BlackTeam "ŠK Ericsson Nikola Tesla, Zagreb"]

1. d4 d5 2. Bf4 Nf6 3. e3 c6 4. h3 Bf5 5. Nf3 h6 6. Nbd2 e6 7. Ne5 Nbd7 8. Ndf3
Be7 9. Bd3 Bxd3 10. Qxd3 O-O 11. g4 Nxe5 12. Nxe5 Ne4 13. f3 Bh4+ 14. Ke2 Nf2
15. Qd2 Nxh1 16. Rxh1 Rc8 17. Nd3 b6 18. Bh2 c5 19. c3 Be7 20. Kd1 f6 21. Nf4
Qd7 22. Kc1 Bd6 23. Ng6 Rfe8 24. f4 cxd4 25. exd4 b5 26. g5 fxg5 27. fxg5 Bxh2
28. Rxh2 Qf7 29. Ne5 Qf1+ 30. Kc2 Qf5+ 31. Kc1 Qxg5 32. Qxg5 hxg5 33. a3 Rf8
34. Ng6 Rf1+ 35. Kc2 Kh7 36. Ne5 Rcf8 37. Ng4 Rg1 38. Re2 Re8 39. Kb3 Rg3 40.
Ne5 Rxh3 41. Rg2 Rh5 42. Nc6 a6 43. Kb4 Kg6 44. Ne5+ Kf5 45. Rf2+ Ke4 46. Ka5
Ra8 47. Rf7 Rh7 48. Nf3 Rh5 49. Ne5 Rh2 50. Rxg7 Rxb2 51. Rxg5 Rb3 52. Rg3
Rxa3+ 53. Kb4 Ra1 54. Rg6 Re8 55. Nd7 Kf5 56. Rg3 Ra4+ 57. Kb3 Ra1 58. Re3 a5
59. Re5+ Kf4 60. Nc5 a4+ 61. Kb2 Rh1 62. Rxe6 Rxe6 63. Nxe6+ Ke4 64. Nc7 Rh8
65. Ka3 Rb8 66. Kb4 Rb7 67. Ne6 Rb6 68. Nc7 Rb7 69. Ne6 Rb6 70. Nc7 Rb8 71. Na6
Rc8 72. Nc5+ Ke3 73. Ne6 a3 74. Kxa3 Rxc3+ 75. Kb4 Rc4+ 76. Kxb5 Rxd4 0-1

[Event "I HSL seniorke 2019"]
[Site "Mali Losinj"]
[Date "2019.10.02"]
[Round "6.23"]
[White "Samardzic, Ana"]
[Black "Vujic, Agata"]
[Result "1-0"]
[WhiteElo "1618"]
[BlackElo "1714"]
[PlyCount "61"]
[EventDate "2019.09.28"]
[WhiteTeam "ŠK Ericsson Nikola Tesla, Zagreb"]
[BlackTeam "ŠK Kastav, Kastav"]

1. e4 e5 2. Nf3 Nf6 3. Nc3 Nc6 4. Bc4 Bc5 5. O-O d6 6. h3 Be6 7. Bb3 Qd7 8. Kh2
O-O-O 9. d3 h6 10. Bxe6 Qxe6 11. Ne2 Nh5 12. c3 f5 13. exf5 Qxf5 14. Ng3 Nxg3
15. fxg3 Qe6 16. d4 g5 17. dxc5 g4 18. Nh4 h5 19. cxd6 cxd6 20. Qc2 Rdg8 21.
Qe4 Kb8 22. Be3 Ne7 23. Qa4 Nc8 24. Rad1 Rh7 25. Qe4 Rd7 26. Qd5 Qe8 27. Nf5
Rg6 28. h4 Rc7 29. c4 Rc6 30. b4 Re6 31. Ng7 1-0